[Event "Biel ATO 57th"]
[Site "Biel"]
[Date "2024.07.23"]
[Round "7"]
[White "Pantillon, Patrick Andre"]
[Black "Dreke, Frank"]
[Result "1-0"]
[WhiteElo "1782"]
[BlackElo "1915"]
[PlyCount "49"]
[EventDate "2024.07.16"]
[EventType "swiss"]
[EventRounds "9"]
[EventCountry "SUI"]
[SourceTitle "EXT 2025"]
[Source "ChessBase"]
[SourceDate "2024.10.14"]
[SourceVersion "1"]
[SourceVersionDate "2024.10.14"]
[SourceQuality "1"]

1. Nc3 d5 2. e4 Nf6 3. e5 Nfd7 4. f4 e6 5. Nf3 Be7 6. d4 c5 7. Be3 0-0 8. Bd3 c4 9. Bxh7+ Kxh7 10. Ng5+ Bxg5 11. fxg5 Nc6 12. Qh5+ Kg8 13. 0-0 Ne7 14. Rf3 g6 15. Qh6 Nf5 16. Rxf5 gxf5 17. Rf1 Re8 18. Rxf5 exf5 19. Nxd5 Re6 20. Nf6+ Nxf6 21. gxf6 Qf8 22. Qg5+ Kh7 23. Qh5+ Kg8 24. Bh6 Rxe5 25. Bxf8 1-0

[Event "Biel ATO 57th"]
[Site "Biel"]
[Date "2024.07.16"]
[Round "1"]
[White "Pantillon, Patrick Andre"]
[Black "Kim, Hyunwoo B"]
[Result "1-0"]
[WhiteElo "1782"]
[BlackElo "1462"]
[PlyCount "75"]
[EventDate "2024.07.16"]
[EventType "swiss"]
[EventRounds "9"]
[EventCountry "SUI"]
[SourceTitle "EXT 2025"]
[Source "ChessBase"]
[SourceDate "2024.10.14"]
[SourceVersion "1"]
[SourceVersionDate "2024.10.14"]
[SourceQuality "1"]

1. Nc3 d5 2. e4 d4 3. Nce2 e5 4. Ng3 a6 5. Nf3 Nc6 6. Bc4 Nf6 7. a3 h6 8. d3 Bg4 9. h3 Bxf3 10. Qxf3 Be7 11. Nh5 g6 12. Nxf6+ Bxf6 13. Bd2 Qd6 14. 0-0 0-0-0 15. b4 b5 16. Bxf7 Rdf8 17. Qg4+ Qd7 18. Be6 Qxe6 19. Qxe6+ Kb7 20. f4 Bg7 21. f5 gxf5 22. Rxf5 Re8 23. Qf7 Rhg8 24. Raf1 Ref8 25. Qh5 Rxf5 26. Rxf5 Rf8 27. Rxf8 Bxf8 28. Bxh6 Be7 29. g4 Nd8 30. g5 Ne6 31. g6 Bf6 32. Qf5 Nf4 33. Bxf4 exf4 34. Qxf6 f3 35. Kf2 Kc8 36. g7 Kb7 37. g8Q Ka7 38. Qc6 1-0